| 000 | 00543nam a2200169 i 4500 | ||
|---|---|---|---|
| 001 | 145917 | ||
| 003 | ES-MaACL | ||
| 005 | 20231229063043.0 | ||
| 007 | t| | ||
| 008 | 071018s1969 sp ||||1| spa d | ||
| 100 | 1 |
_aVega, Ventura de la, _d1807-1865 _9113584 |
|
| 245 | 1 | 3 |
_aEl hombre de mundo / _cVentura de la Vega ; edición, introducción y notas de José Montero Padilla. |
| 260 |
_a[Salamanca] : _bAnaya, _c[1969] |
||
| 300 |
_a165 p. : _bil. ; _c17 cm. |
||
| 852 |
_aES-MaACL _jC-40513 _bR.72595 |
||
| 999 |
_c145917 _d145917 |
||